[Event "Aberto Brasil - II Niterói Chess Open "]
[Site "Salão de Convenções do Hot"]
[Date "2022.09.07"]
[Round "9.1"]
[White "Fier, Alexandr"]
[Black "Delgado Ramirez, Neuris"]
[Result "1/2-1/2"]
[WhiteElo "2583"]
[BlackElo "2559"]
[PlyCount "32"]
[EventDate "2022.09.01"]
[EventRounds "9"]
[EventCountry "BRA"]

1. e4 e5 2. Nf3 Nf6 3. d4 exd4 4. e5 Ne4 5. Qxd4 d5 6. exd6 Nxd6 7. Nc3 Nc6 8.
Qf4 Be6 9. Be3 Nf5 10. Ng5 Nxe3 11. Qxe3 Qd4 12. Qxd4 Nxd4 13. O-O-O O-O-O 14.
Nxe6 Nxe6 15. Bc4 Rxd1+ 16. Rxd1 Nd8 1/2-1/2

[Event "Aberto Brasil - II Niterói Chess Open "]
[Site "Salão de Convenções do Hot"]
[Date "2022.09.07"]
[Round "9.2"]
[White "Mekhitarian, Krikor Sevag"]
[Black "Matsuura, Everaldo"]
[Result "1/2-1/2"]
[WhiteElo "2544"]
[BlackElo "2437"]
[PlyCount "126"]
[EventDate "2022.09.01"]
[EventRounds "9"]
[EventCountry "BRA"]

1. d4 d5 2. c4 c6 3. Nf3 Nf6 4. e3 e6 5. b3 Nbd7 6. Bd3 Be7 7. Bb2 b6 8. Nbd2
Bb7 9. O-O O-O 10. Qe2 c5 11. Rad1 Qc7 12. Rfe1 Ne4 13. cxd5 exd5 14. Rc1 Rad8
15. Ba6 Ba8 16. Red1 Bf6 17. h3 Qb8 18. Nf1 Rfe8 19. Bb5 Re6 20. N1h2 Nf8 21.
Ng4 Be7 22. Bd3 Bd6 23. Qc2 h5 24. Ngh2 Bb7 25. Nf1 Rc8 26. dxc5 bxc5 27. Bxe4
dxe4 28. Qc3 Rg6 29. Nh4 Rg5 30. Nf5 Be5 31. Qxe5 Qxe5 32. Bxe5 Rxf5 33. Bd6
Rf6 34. Bxc5 Rfc6 35. Ba3 Rxc1 36. Rxc1 Rxc1 37. Bxc1 Nd7 38. Bb2 Nc5 39. Ng3
g6 40. Bd4 Nd3 41. Ne2 a6 42. Nc3 Kf8 43. Kf1 Ke7 44. Ke2 Kd6 45. f3 f5 46. f4
Bc6 47. Kd2 Bd7 48. Bg7 Be6 49. Ne2 Bd7 50. Bf8+ Kd5 51. Nc3+ Kc6 52. Be7 Be6
53. g4 fxg4 54. hxg4 Bxg4 55. Nxe4 Bf5 56. Ng3 Nf2 57. Ke2 Ne4 58. Nxe4 Bxe4
59. Kf2 Bb1 60. a3 Bc2 61. b4 Kd5 62. Kg3 Ke6 63. Bc5 Kf5 1/2-1/2

[Event "Aberto Brasil - II Niterói Chess Open "]
[Site "Salão de Convenções do Hot"]
[Date "2022.09.07"]
[Round "9.3"]
[White "Quintiliano Pinto, Renato R."]
[Black "Di Berardino, Diego Rafael"]
[Result "1/2-1/2"]
[WhiteElo "2504"]
[BlackElo "2464"]
[PlyCount "71"]
[EventDate "2022.09.01"]
[EventRounds "9"]
[EventCountry "BRA"]

1. d4 Nf6 2. c4 g6 3. Nc3 Bg7 4. e4 d6 5. Nf3 O-O 6. Be2 e5 7. O-O Nc6 8. d5
Ne7 9. Bg5 Nh5 10. g3 f6 11. Bd2 f5 12. exf5 Nxf5 13. Ne4 Nf6 14. Bd3 Nxe4 15.
Bxe4 Qf6 16. Bg5 Qf7 17. Qd3 Bd7 18. Bd2 Qf6 19. b4 Bh6 20. Bc3 Rf7 21. Nd2 g5
22. Kh1 Nd4 23. Bg2 Raf8 24. Rae1 g4 25. Ne4 Qg6 26. Bxd4 exd4 27. Qxd4 b6 28.
Re2 Bg7 29. Qd2 Bh6 30. Qc3 Bg7 31. Qd3 Bf5 32. f3 Re8 33. Kg1 Rfe7 34. Rfe1
gxf3 35. Bxf3 h5 36. Bg2 1/2-1/2

[Event "Aberto Brasil - II Niterói Chess Open "]
[Site "Salão de Convenções do Hot"]
[Date "2022.09.07"]
[Round "9.4"]
[White "Barbosa, Evandro Amorim"]
[Black "Terao, Juliana Sayumi"]
[Result "1-0"]
[WhiteElo "2481"]
[BlackElo "2240"]
[PlyCount "81"]
[EventDate "2022.09.01"]
[EventRounds "9"]
[EventCountry "BRA"]

1. e4 e5 2. Nf3 Nc6 3. Bb5 a6 4. Ba4 Nf6 5. O-O Be7 6. d3 b5 7. Bb3 d6 8. c3
O-O 9. Re1 Na5 10. Bc2 c5 11. Nbd2 Re8 12. Nf1 Bf8 13. Bg5 h6 14. Bh4 Nc6 15.
a4 b4 16. Ne3 Be7 17. Bb3 Rb8 18. Nd2 Na5 19. Ba2 Be6 20. Ndc4 Nc6 21. a5 Rb5
22. Bb3 g5 23. Bg3 Qc7 24. Ba4 Rb7 25. Qf3 Reb8 26. Nf5 Bxf5 27. Qxf5 bxc3 28.
bxc3 Nxa5 29. Nxa5 Qxa5 30. h4 Qxc3 31. hxg5 Nh7 32. gxh6 Qd2 33. Bc6 Rc7 34.
Bd5 Bf8 35. Qg6+ Kh8 36. Bxf7 Qg5 37. Rxa6 Qxg6 38. Bxg6 Rb3 39. Ra8 Kg8 40.
Re3 Rcb7 41. Rf3 1-0

[Event "Aberto Brasil - II Niterói Chess Open "]
[Site "Salão de Convenções do Hot"]
[Date "2022.09.07"]
[Round "9.5"]
[White "Rodriguez Vila, Andres"]
[Black "Marra, Eduardo Da Costa"]
[Result "1-0"]
[WhiteElo "2443"]
[BlackElo "2256"]
[PlyCount "55"]
[EventDate "2022.09.01"]
[EventRounds "9"]
[EventCountry "BRA"]

1. e4 c5 2. d4 cxd4 3. c3 d5 4. exd5 Qxd5 5. cxd4 Nf6 6. Nc3 Qd8 7. Nf3 g6 8.
Bc4 Bg7 9. Qa4+ Nbd7 10. Bxf7+ Kxf7 11. Ng5+ Ke8 12. Qb3 e6 13. Nxe6 Qb6 14.
Nxg7+ Ke7 15. Nd5+ Nxd5 16. Qxd5 Nf6 17. Bg5 Rd8 18. Qe5+ Kf7 19. O-O Rd7 20.
Bh6 Rd5 21. Qe2 Qb5 22. Qe3 Bd7 23. Rfe1 Qb4 24. a3 Qd6 25. Bf4 Ng4 26. Qf3 Qc6
27. Rac1 Qb5 28. a4 1-0

[Event "Aberto Brasil - II Niterói Chess Open "]
[Site "Salão de Convenções do Hot"]
[Date "2022.09.07"]
[Round "9.6"]
[White "Languidey, Simon Alejandro"]
[Black "Viana, Dirceu"]
[Result "1/2-1/2"]
[WhiteElo "2415"]
[BlackElo "2190"]
[PlyCount "63"]
[EventDate "2022.09.01"]
[EventRounds "9"]
[EventCountry "BRA"]

1. e4 e5 2. Nf3 d6 3. d4 exd4 4. Nxd4 Nf6 5. Nc3 Be7 6. Be2 O-O 7. O-O Re8 8.
Re1 Bf8 9. Bf1 c6 10. Bg5 h6 11. Bh4 Nbd7 12. h3 Ne5 13. a4 Bd7 14. a5 Ng6 15.
Bg3 b5 16. axb6 axb6 17. Rxa8 Qxa8 18. Nf3 Ne5 19. Bh4 Nxf3+ 20. Qxf3 Nh7 21.
Bd3 Qa5 22. Rd1 Qb4 23. Rb1 d5 24. g4 d4 25. Ne2 Ng5 26. Bxg5 hxg5 27. b3 c5
28. Bc4 Be6 29. Bxe6 Rxe6 30. c3 dxc3 31. Nxc3 Bd6 32. Nd5 1/2-1/2

[Event "Aberto Brasil - II Niterói Chess Open "]
[Site "Salão de Convenções do Hot"]
[Date "2022.09.07"]
[Round "9.7"]
[White "Filgueiras, Nathan Felipe"]
[Black "Tomiello, Lucas Costamilan"]
[Result "1-0"]
[WhiteElo "2358"]
[BlackElo "2147"]
[PlyCount "145"]
[EventDate "2022.09.01"]
[EventRounds "9"]
[EventCountry "BRA"]

1. e4 c5 2. Nf3 d6 3. d4 cxd4 4. Nxd4 Nf6 5. Nc3 a6 6. h3 e6 7. g4 h6 8. Bg2
Be7 9. Be3 Nc6 10. Qd2 Ne5 11. Qe2 g5 12. Nf3 Nfd7 13. Nxe5 Nxe5 14. h4 Rg8 15.
hxg5 hxg5 16. O-O-O Bd7 17. f3 Rc8 18. Qe1 Qc7 19. Kb1 b5 20. Rc1 a5 21. Qf2 b4
22. Ne2 a4 23. Rhd1 Nc4 24. Bd4 e5 25. Be3 Be6 26. Bf1 Rb8 27. Ka1 Bf6 28. Rd3
Rc8 29. Ng3 a3 30. b3 Nb2 31. c4 bxc3 32. Rdxc3 Qb7 33. Rxc8+ Bxc8 34. Qc2 Be6
35. Nh5 Bd8 36. Qc6+ Qxc6 37. Rxc6 d5 38. Bb5 Bd7 39. Rc5 Bxb5 40. Rxb5 dxe4
41. Rxe5+ Kd7 42. Rxe4 Rg6 43. Bc5 Rc6 44. Bxa3 Rc3 45. Bxb2 Rxf3 46. Kb1 Rf1+
47. Kc2 Rf2+ 48. Kc3 Bc7 49. Bc1 Rxa2 50. Bxg5 Rg2 51. Be3 Bd8 52. b4 Rh2 53.
Ng3 Bf6+ 54. Bd4 Bh4 55. Nf5 Bg5 56. b5 Rh1 57. Kc4 Rc1+ 58. Kd5 Bd8 59. Re2
Rd1 60. Ra2 Bc7 61. Ra6 Rb1 62. b6 Bb8 63. Ra8 Bf4 64. Ra7+ Kc8 65. Rxf7 Rd1
66. Ne7+ Kb7 67. Rxf4 Rc1 68. g5 Ka6 69. g6 Re1 70. Re4 Rb1 71. g7 Kb7 72. g8=Q
Rc1 73. Bc5 1-0

[Event "Aberto Brasil - II Niterói Chess Open "]
[Site "Salão de Convenções do Hot"]
[Date "2022.09.07"]
[Round "9.8"]
[White "Baules Rodriguez, Jorge Luis"]
[Black "Ribeiro, Matheus Mendes Domi"]
[Result "1/2-1/2"]
[WhiteElo "2307"]
[BlackElo "2142"]
[PlyCount "38"]
[EventDate "2022.09.01"]
[EventRounds "9"]
[EventCountry "BRA"]

1. d4 e6 2. Nf3 Nf6 3. c4 d5 4. g3 Be7 5. Bg2 O-O 6. O-O dxc4 7. Ne5 Nc6 8.
Nxc6 bxc6 9. Na3 c3 10. bxc3 Bd7 11. Nc4 Rb8 12. Na5 c5 13. Nb7 Qe8 14. Nxc5
Bxc5 15. dxc5 Bc6 16. f3 Qe7 17. Ba3 Nd5 18. Qd3 Rfd8 19. Rac1 Qf6 1/2-1/2

[Event "Aberto Brasil - II Niterói Chess Open "]
[Site "Salão de Convenções do Hot"]
[Date "2022.09.07"]
[Round "9.9"]
[White "De Souza, Regis Gabetta"]
[Black "Nemeth Junior, Henrique"]
[Result "0-1"]
[WhiteElo "2245"]
[BlackElo "2137"]
[PlyCount "98"]
[EventDate "2022.09.01"]
[EventRounds "9"]
[EventCountry "BRA"]

1. d4 Nf6 2. c4 e6 3. Nc3 Bb4 4. e3 O-O 5. Bd2 d5 6. Nf3 b6 7. cxd5 exd5 8. Bd3
Bb7 9. O-O Nbd7 10. Qc2 a6 11. Rac1 Bd6 12. e4 dxe4 13. Nxe4 Nxe4 14. Bxe4 Bxe4
15. Qxe4 Re8 16. Qc2 Qf6 17. Qc6 Nf8 18. Bg5 Qg6 19. d5 Qf5 20. Rce1 Qd7 21.
Qc4 Ng6 22. Rc1 Qf5 23. Be3 Re4 24. Qd3 Rae8 25. Rc4 Nf4 26. Bxf4 Rxf4 27. Qxf5
Rxf5 28. Rd1 Re2 29. Rcd4 Rxb2 30. R4d2 Rxd2 31. Rxd2 Kf8 32. Kf1 Ke8 33. Ke2
Bc5 34. g4 Rf4 35. h3 f6 36. Rd3 Kd7 37. Kf1 g5 38. Kg2 h6 39. Rd2 a5 40. Rd3
Re4 41. Kf1 Kd6 42. Nd2 Rd4 43. Ke2 Rxd3 44. Kxd3 Kxd5 45. Ne4 Bd4 46. f3 Be5
47. Nd2 b5 48. a4 c6 49. Nb3 bxa4 0-1

[Event "Aberto Brasil - II Niterói Chess Open "]
[Site "Salão de Convenções do Hot"]
[Date "2022.09.07"]
[Round "9.10"]
[White "Silva, Caio Henrique Angel"]
[Black "Cominato Neto, Jose Luis"]
[Result "0-1"]
[WhiteElo "1959"]
[BlackElo "2270"]
[PlyCount "80"]
[EventDate "2022.09.01"]
[EventRounds "9"]
[EventCountry "BRA"]

1. d4 d5 2. Nf3 Nf6 3. g3 e6 4. Bg2 Be7 5. O-O O-O 6. c4 dxc4 7. Qc2 a6 8. a4
Nc6 9. Qxc4 Qd5 10. Qxd5 exd5 11. Bf4 Na5 12. Bxc7 Nb3 13. Ra2 Be6 14. Nc3 Rac8
15. Bf4 Ne4 16. Rb1 f6 17. Be3 Bb4 18. Rd1 Bxc3 19. Ra3 Na5 20. bxc3 Nc4 21.
Rb3 Nxe3 22. fxe3 Nxc3 23. Re1 Rf7 24. a5 Nb5 25. Rb2 Rc3 26. Kf2 Re7 27. Rd1
Ra3 28. Nd2 Rxa5 29. Nb3 Ra3 30. Nc5 Bf7 31. Nd3 g5 32. Rc1 Kg7 33. Rc5 Nc3 34.
Rd2 a5 35. Nb2 b6 36. Rc6 Rb3 37. Rc2 Rxb2 38. R2xc3 a4 39. Ra3 b5 40. Rb6 Ra7
0-1

[Event "Aberto Brasil - II Niterói Chess Open "]
[Site "Salão de Convenções do Hot"]
[Date "2022.09.07"]
[Round "9.11"]
[White "Aranha Filho, Alvaro Z."]
[Black "Santiago, Yago De Moura"]
[Result "0-1"]
[WhiteElo "2184"]
[BlackElo "2448"]
[PlyCount "100"]
[EventDate "2022.09.01"]
[EventRounds "9"]
[EventCountry "BRA"]

1. d4 Nf6 2. Nf3 e6 3. g3 d5 4. Bg2 Nc6 5. O-O Bd6 6. c4 O-O 7. Nbd2 a5 8. Qc2
Nb4 9. Qb1 c5 10. cxd5 exd5 11. dxc5 Bxc5 12. Nb3 Bb6 13. Nbd4 Ne4 14. a3 Nc6
15. Qd3 a4 16. Be3 Na5 17. Nc2 Be6 18. Qb5 Bxe3 19. Nxe3 d4 20. Rad1 Nd6 21.
Qe5 dxe3 22. Rxd6 Qe7 23. Rc1 exf2+ 24. Kxf2 Rfe8 25. Nd2 Qf8 26. Qf4 Rac8 27.
Rxc8 Rxc8 28. Qb4 Nc6 29. Bxc6 bxc6 30. Qc5 Bd5 31. e4 Be6 32. e5 Rb8 33. Qd4
Bd5 34. Qxa4 Qc8 35. Qd4 Qh3 36. Qh4 Qf5+ 37. Qf4 Qc2 38. e6 Qc5+ 39. Ke2 Bxe6
40. b4 Qh5+ 41. Ke3 Re8 42. Kd4 Qxh2 43. Rxc6 Qh1 44. Rd6 Qa1+ 45. Ke3 Bg4+ 46.
Ne4 f5 47. Kf2 fxe4 48. Qxg4 e3+ 49. Kg2 e2 50. Qc4+ Kh8 0-1

[Event "Aberto Brasil - II Niterói Chess Open "]
[Site "Salão de Convenções do Hot"]
[Date "2022.09.07"]
[Round "9.12"]
[White "Do Valle Cardoso, Lucas"]
[Black "Molina, Roberto Junio Brito"]
[Result "1/2-1/2"]
[WhiteElo "2162"]
[BlackElo "2390"]
[PlyCount "79"]
[EventDate "2022.09.01"]
[EventRounds "9"]
[EventCountry "BRA"]

1. e4 e5 2. Nf3 Nc6 3. d4 exd4 4. Bc4 Bb4+ 5. c3 dxc3 6. bxc3 Ba5 7. O-O Nf6 8.
e5 d5 9. Bb3 Ng8 10. Bxd5 Nge7 11. c4 O-O 12. Qb3 Bg4 13. Bb2 Bb6 14. Rd1 Nxd5
15. cxd5 Ne7 16. h3 Bf5 17. Nc3 Ng6 18. Ne2 Nh4 19. Ng3 Bg6 20. a4 Re8 21. a5
Nxf3+ 22. Qxf3 Bc5 23. Rac1 b6 24. Rc4 Qd7 25. Rg4 Qb5 26. Ba1 Bf8 27. h4 Rad8
28. e6 fxe6 29. h5 Bf5 30. Nxf5 exf5 31. Qxf5 Qe2 32. Rf1 Rd6 33. Bc3 Qe7 34.
Re1 Qd7 35. Rxe8 Qxe8 36. Qg5 Qf7 37. Rf4 Rxd5 38. Rxf7 Rxg5 39. Rxc7 Rxh5 40.
Rxa7 1/2-1/2

[Event "Aberto Brasil - II Niterói Chess Open "]
[Site "Salão de Convenções do Hot"]
[Date "2022.09.07"]
[Round "9.13"]
[White "Piccoli, Lucas Fonseca"]
[Black "Loureiro, Luiz Vasconcellos"]
[Result "0-1"]
[WhiteElo "2156"]
[BlackElo "2334"]
[PlyCount "92"]
[EventDate "2022.09.01"]
[EventRounds "9"]
[EventCountry "BRA"]

1. e4 c6 2. d4 d5 3. e5 Bf5 4. h4 h5 5. Bd3 Bxd3 6. Qxd3 e6 7. Bg5 Qa5+ 8. Nd2
Qa6 9. c4 Bb4 10. b3 Nd7 11. Ngf3 Ne7 12. O-O Nf5 13. Qc2 O-O 14. a3 Bxd2 15.
Bxd2 dxc4 16. bxc4 Nb6 17. Rfc1 Rfd8 18. Be3 Rd7 19. a4 Nc8 20. Qe4 Nce7 21.
Nd2 Rad8 22. Nb3 b6 23. a5 Qc8 24. axb6 axb6 25. Ra2 Rc7 26. Rca1 Qd7 27. Ra6
Rb8 28. Nd2 b5 29. cxb5 cxb5 30. Nf3 Qd5 31. Qd3 b4 32. R6a5 Qc4 33. Qd1 Nxe3
34. fxe3 b3 35. Ra8 Rcc8 36. Rxb8 Rxb8 37. Rc1 Qb4 38. Ng5 b2 39. Rb1 Qc3 40.
Qxh5 Qxe3+ 41. Kh2 Qf4+ 42. Kh1 Qf5 43. Qd1 Nd5 44. Qe1 Nc3 45. Qxc3 Qxb1+ 46.
Kh2 Qf5 0-1

[Event "Aberto Brasil - II Niterói Chess Open "]
[Site "Salão de Convenções do Hot"]
[Date "2022.09.07"]
[Round "9.14"]
[White "Rodi, Luis Ernesto"]
[Black "De Albuquerque, Ian Telek C."]
[Result "1-0"]
[WhiteElo "2327"]
[BlackElo "1958"]
[PlyCount "75"]
[EventDate "2022.09.01"]
[EventRounds "9"]
[EventCountry "BRA"]

1. e4 c5 2. Nc3 Nc6 3. Bb5 Nd4 4. Nf3 a6 5. Bd3 Nc6 6. O-O e5 7. Nd5 Nf6 8. c3
Be7 9. Bc2 O-O 10. d4 cxd4 11. cxd4 d6 12. Ne3 g6 13. a3 b5 14. Qd3 Bb7 15. d5
Nb8 16. a4 b4 17. a5 Nbd7 18. Nc4 Nc5 19. Qe2 b3 20. Bd3 Kg7 21. Be3 Nfd7 22.
Nfd2 f5 23. f3 f4 24. Bf2 Rb8 25. Ra3 Bc8 26. Bb1 Qc7 27. Rc1 g5 28. Rc3 h5 29.
Nxb3 Rxb3 30. Raxb3 Nxb3 31. Rxb3 Nf6 32. Rc3 Qb7 33. Nb6 Bd7 34. Bd3 Bb5 35.
Bxb5 axb5 36. Qxb5 g4 37. a6 Qb8 38. Qc6 1-0

[Event "Aberto Brasil - II Niterói Chess Open "]
[Site "Salão de Convenções do Hot"]
[Date "2022.09.07"]
[Round "9.15"]
[White "Limp, Eduardo Thelio"]
[Black "Medeiros, Thauane Ferreira"]
[Result "1/2-1/2"]
[WhiteElo "2298"]
[BlackElo "1905"]
[PlyCount "68"]
[EventDate "2022.09.01"]
[EventRounds "9"]
[EventCountry "BRA"]

1. e4 e5 2. Nf3 Nc6 3. Bb5 Nf6 4. O-O Nxe4 5. d4 Nd6 6. Bxc6 dxc6 7. dxe5 Nf5
8. Qxd8+ Kxd8 9. Nc3 Ke8 10. h3 h5 11. Bf4 Bb4 12. Ne4 Be6 13. a3 Be7 14. Rad1
Rd8 15. Rxd8+ Kxd8 16. Nfg5 Bc4 17. Re1 Kc8 18. Nd2 Bd5 19. c4 Bxg5 20. Bxg5
Be6 21. b3 Nd4 22. f3 Bf5 23. Kf2 Re8 24. g4 hxg4 25. hxg4 Bd7 26. b4 Nc2 27.
Rc1 Nd4 28. Be3 c5 29. bxc5 Nc6 30. f4 g5 31. Nf3 gxf4 32. Bxf4 Bxg4 33. Re1
Bxf3 34. Kxf3 f6 1/2-1/2

[Event "Aberto Brasil - II Niterói Chess Open "]
[Site "Salão de Convenções do Hot"]
[Date "2022.09.07"]
[Round "9.16"]
[White "Dias, Simao Poscidonio"]
[Black "Pires, Marcos Vinicius Tor"]
[Result "1/2-1/2"]
[WhiteElo "2060"]
[BlackElo "2262"]
[PlyCount "73"]
[EventDate "2022.09.01"]
[EventRounds "9"]
[EventCountry "BRA"]

1. e4 e5 2. Nf3 Nc6 3. Bc4 Bc5 4. c3 Nf6 5. d3 O-O 6. O-O d5 7. exd5 Nxd5 8. b4
Be7 9. b5 Na5 10. Nxe5 Bf6 11. Ng4 Bxg4 12. Qxg4 Nxc3 13. Nxc3 Bxc3 14. Rb1 Qf6
15. Bd5 Qd6 16. Be4 g6 17. Bf4 Be5 18. Bxe5 Qxe5 19. Qf3 Rad8 20. Rfe1 Rfe8 21.
h4 Qd6 22. Bxb7 Nxb7 23. Qxb7 Rxe1+ 24. Rxe1 Qb4 25. Re3 Rxd3 26. Rxd3 Qb1+ 27.
Kh2 Qxd3 28. Qxc7 Qd4 29. Kg3 h5 30. Qf4 Qd3+ 31. f3 Qxb5 32. a4 Qa5 33. Qb8+
Kg7 34. Qb5 Qe1+ 35. Kh3 Qh1+ 36. Kg3 Qe1+ 37. Kh3 1/2-1/2

[Event "Aberto Brasil - II Niterói Chess Open "]
[Site "Salão de Convenções do Hot"]
[Date "2022.09.07"]
[Round "9.17"]
[White "Mesias Rojas, Rabindranath"]
[Black "Zacarias, Rodrigo Medeiros"]
[Result "1-0"]
[WhiteElo "2227"]
[BlackElo "2095"]
[PlyCount "89"]
[EventDate "2022.09.01"]
[EventRounds "9"]
[EventCountry "BRA"]

1. e4 c5 2. Nc3 Nc6 3. Bb5 Nd4 4. Nf3 Nxb5 5. Nxb5 a6 6. Nc3 d6 7. d4 cxd4 8.
Qxd4 e6 9. Bg5 Qc7 10. O-O-O f6 11. Bh4 Nh6 12. Nd2 Be7 13. Nc4 O-O 14. Nxd6
Rd8 15. Bg3 Qa5 16. Nc4 Qb4 17. Qxd8+ Bxd8 18. Rxd8+ Kf7 19. Nd6+ Kg6 20. Nxc8
Kh5 21. Bd6 Qa5 22. Rf8 Qg5+ 23. f4 Qxg2 24. Re1 b5 25. Ne2 Ng4 26. Rg8 Qf2 27.
Bb4 a5 28. Bd2 Qc5 29. Ng3+ Kh4 30. Rxg7 h6 31. Ne7 Ra7 32. Ng6+ Kh3 33. Rxa7
Qxa7 34. f5 e5 35. Nf1 b4 36. Ne3 Nxe3 37. Bxe3 Qf7 38. b3 Kxh2 39. Bxh6 a4 40.
Bd2 axb3 41. axb3 Qa7 42. Kb1 Qd4 43. Bc1 Kg2 44. Ne7 Qf2 45. Re3 1-0

[Event "Aberto Brasil - II Niterói Chess Open "]
[Site "Salão de Convenções do Hot"]
[Date "2022.09.07"]
[Round "9.18"]
[White "De Carvalho, Vitor Augusto Ponci"]
[Black "Silva, Kaua Marques"]
[Result "1-0"]
[WhiteElo "2058"]
[BlackElo "2199"]
[PlyCount "69"]
[EventDate "2022.09.01"]
[EventRounds "9"]
[EventCountry "BRA"]

1. e4 c5 2. Nf3 Nc6 3. g3 g6 4. Bg2 Bg7 5. O-O e5 6. c3 Nge7 7. d3 O-O 8. a3 d6
9. b4 a6 10. Be3 b6 11. Qc1 Bb7 12. Bh6 Rc8 13. Bxg7 Kxg7 14. Qb2 b5 15. Nbd2
f6 16. Rfd1 Qb6 17. Nf1 a5 18. Ne3 cxb4 19. cxb4 axb4 20. axb4 Nd4 21. Nxd4
exd4 22. Nd5 Nxd5 23. exd5 Rc3 24. Re1 Rxd3 25. Re7+ Kh8 26. Qc1 g5 27. Be4 Rc3
28. Rxh7+ Kg8 29. Qd1 Bxd5 30. Qh5 Bxe4 31. Rh8+ Kg7 32. Qh6+ Kf7 33. Rxf8+ Ke6
34. Qxf6+ Kd5 35. Qf7+ 1-0

[Event "Aberto Brasil - II Niterói Chess Open "]
[Site "Salão de Convenções do Hot"]
[Date "2022.09.07"]
[Round "9.19"]
[White "Almeida Junior, Alvaro Alves De"]
[Black "Costa, Carlos Evanir"]
[Result "1-0"]
[WhiteElo "2044"]
[BlackElo "2224"]
[PlyCount "61"]
[EventDate "2022.09.01"]
[EventRounds "9"]
[EventCountry "BRA"]

1. e4 c5 2. Nf3 d6 3. d4 cxd4 4. Nxd4 Nf6 5. Nc3 a6 6. Be2 e6 7. Be3 Be7 8. f4
Qc7 9. Bf3 Nc6 10. Qe2 Nxd4 11. Bxd4 e5 12. Be3 exf4 13. Bxf4 O-O 14. O-O-O Re8
15. e5 dxe5 16. Bxe5 Qb6 17. Bd4 Bc5 18. Qc4 Bxd4 19. Qxd4 Qxd4 20. Rxd4 Rb8
21. Na4 g5 22. h3 h5 23. Rf1 Kg7 24. Rd6 Ne4 25. Rd5 Kg6 26. Re1 f5 27. Nc5 Be6
28. Nxe6 Rxe6 29. g4 Rf8 30. gxf5+ Rxf5 31. Bxe4 1-0

[Event "Aberto Brasil - II Niterói Chess Open "]
[Site "Salão de Convenções do Hot"]
[Date "2022.09.07"]
[Round "9.20"]
[White "Urquiza, Marcello De Albuque"]
[Black "Gauche, Charles"]
[Result "1/2-1/2"]
[WhiteElo "2031"]
[BlackElo "2219"]
[PlyCount "101"]
[EventDate "2022.09.01"]
[EventRounds "9"]
[EventCountry "BRA"]

1. e4 e5 2. Nf3 Nf6 3. Nc3 Nc6 4. d4 exd4 5. Nxd4 Bb4 6. Nxc6 bxc6 7. Bd3 d6 8.
h3 Nd7 9. Qg4 Bxc3+ 10. bxc3 Qf6 11. O-O O-O 12. Bd2 Ne5 13. Qg3 Qg6 14. Qxg6
hxg6 15. Be3 Re8 16. Rfe1 Nd7 17. f4 a5 18. Rab1 Nf6 19. Bf2 Nh5 20. f5 Nf4 21.
fxg6 Nxg6 22. Bg3 Ne5 23. a3 Kf8 24. Rb2 f6 25. Reb1 Be6 26. Rb7 Rec8 27. Kf2
Ke7 28. Ke3 c5 29. Bxe5 fxe5 30. Bb5 Bd7 31. Bxd7 Kxd7 32. a4 Kc6 33. R7b5 Rf8
34. c4 Kd7 35. Ke2 Rf4 36. Ke3 Raf8 37. Re1 Rf2 38. Re2 Rf1 39. Rxa5 Ra1 40. c3
Ra3 41. Rc2 Rf1 42. Ra8 Kc6 43. Kd3 Raa1 44. Rd2 Rfc1 45. Rc8 Ra3 46. Rc2 Rxc2
47. Kxc2 Ra2+ 48. Kd3 Rxg2 49. h4 Rg3+ 50. Kc2 Rg4 51. Kd3 1/2-1/2

[Event "Aberto Brasil - II Niterói Chess Open "]
[Site "Salão de Convenções do Hot"]
[Date "2022.09.07"]
[Round "9.21"]
[White "Santos Filho, Tadeu Sousa"]
[Black "Guimaraes, Wagner Peixoto"]
[Result "0-1"]
[WhiteElo "2024"]
[BlackElo "2188"]
[PlyCount "86"]
[EventDate "2022.09.01"]
[EventRounds "9"]
[EventCountry "BRA"]

1. e4 c6 2. Nc3 d5 3. Nf3 Bg4 4. h3 Bxf3 5. Qxf3 e6 6. Be2 Nd7 7. d4 dxe4 8.
Nxe4 Ngf6 9. Nd2 Be7 10. c3 O-O 11. Nc4 Nb6 12. Ne5 Nbd5 13. O-O Nd7 14. Bd3 c5
15. Nxd7 Qxd7 16. dxc5 Bxc5 17. Rd1 Qc7 18. Be4 Rad8 19. Bxd5 exd5 20. Rxd5
Rxd5 21. Qxd5 Rd8 22. Qf3 Qb6 23. g3 a5 24. b3 Bxf2+ 25. Qxf2 Rd1+ 26. Kg2 Qc6+
27. Qf3 Rg1+ 28. Kxg1 Qxf3 29. Bf4 g5 30. Bb8 Qxc3 31. Rf1 Qc8 32. Bd6 Qe6 33.
Bb8 Qxh3 34. Rf6 Qc8 35. Ba7 Qc3 36. Rf2 Qxg3+ 37. Rg2 Qe1+ 38. Kh2 f6 39. Rc2
Qe5+ 40. Kg1 f5 41. Bf2 h5 42. Ba7 Qe1+ 43. Kh2 g4 0-1

[Event "Aberto Brasil - II Niterói Chess Open "]
[Site "Salão de Convenções do Hot"]
[Date "2022.09.07"]
[Round "9.22"]
[White "Dianda, Joao Carlos"]
[Black "Sega, Carlos Alberto"]
[Result "0-1"]
[WhiteElo "2000"]
[BlackElo "2184"]
[PlyCount "94"]
[EventDate "2022.09.01"]
[EventRounds "9"]
[EventCountry "BRA"]

1. d4 Nf6 2. c4 e6 3. Nf3 d5 4. e3 Be7 5. b3 O-O 6. Bd3 b6 7. O-O Bb7 8. Nbd2
c5 9. Bb2 Nc6 10. Rc1 cxd4 11. exd4 Rc8 12. Qe2 Re8 13. Rfd1 Bf8 14. a3 g6 15.
h3 Bg7 16. c5 Nh5 17. Ba6 Nf4 18. Qf1 Bxa6 19. Qxa6 bxc5 20. Rxc5 Qb6 21. Qf1
Nxd4 22. Bxd4 Bxd4 23. Rxc8 Rxc8 24. Nxd4 Qxd4 25. Nf3 Qf6 26. Kh2 Rc3 27. Nd4
e5 28. Ne2 Rxb3 29. Nxf4 Qxf4+ 30. g3 Qf3 31. Qe1 Rb2 32. Rd2 Rxd2 33. Qxd2 d4
34. Kg1 Qxa3 35. h4 h5 36. g4 Qf3 37. gxh5 Qxh5 38. Qa5 Kg7 39. f4 Qg4+ 40. Kh2
Qxh4+ 41. Kg2 Qxf4 42. Kh3 d3 43. Qd5 d2 44. Kg2 e4 45. Qd4+ Kh7 46. Qa1 Qg4+
47. Kh2 Qe2+ 0-1

[Event "Aberto Brasil - II Niterói Chess Open "]
[Site "Salão de Convenções do Hot"]
[Date "2022.09.07"]
[Round "9.23"]
[White "Tamarozi, Isabelle"]
[Black "Freitas, Andre Henrique Lemo"]
[Result "1-0"]
[WhiteElo "1965"]
[BlackElo "2184"]
[PlyCount "95"]
[EventDate "2022.09.01"]
[EventRounds "9"]
[EventCountry "BRA"]

1. e4 c5 2. Nf3 d6 3. Bb5+ Nd7 4. d4 cxd4 5. Nxd4 Ngf6 6. O-O a6 7. Bd3 e6 8.
c4 Be7 9. Nc3 O-O 10. Be3 Ne5 11. f3 d5 12. cxd5 exd5 13. Bc2 Nc4 14. Bf2 dxe4
15. Nxe4 Nd6 16. Qd3 Ndxe4 17. fxe4 Ng4 18. Kh1 Nxf2+ 19. Rxf2 Bc5 20. e5 g6
21. Rf4 Qe7 22. Re1 Bxd4 23. Qxd4 Be6 24. Qb4 Qxb4 25. Rxb4 Rac8 26. Be4 Rc7
27. a4 Rd8 28. Rxb7 Rxb7 29. Bxb7 Rb8 30. Bxa6 Rxb2 31. Kg1 Bd5 32. Re2 Rb1+
33. Kf2 Bc6 34. Ra2 Bd5 35. Ra3 Rb2+ 36. Ke3 Bxg2 37. a5 Ba8 38. Be2 Kf8 39. a6
Ke7 40. a7 Rc2 41. Bf3 Rc8 42. Bxa8 Rxa8 43. Ra6 h6 44. Kd4 g5 45. Kc5 f5 46.
exf6+ Kf7 47. Kb6 Re8 48. Kb7 1-0

[Event "Aberto Brasil - II Niterói Chess Open "]
[Site "Salão de Convenções do Hot"]
[Date "2022.09.07"]
[Round "9.24"]
[White "Federzoni, Enzo"]
[Black "Souza, Ramon Santana De"]
[Result "1-0"]
[WhiteElo "2158"]
[BlackElo "1876"]
[PlyCount "53"]
[EventDate "2022.09.01"]
[EventRounds "9"]
[EventCountry "BRA"]

1. e4 g6 2. d4 Bg7 3. Nc3 d6 4. f4 a6 5. Nf3 b5 6. Bd3 Nd7 7. e5 c5 8. Be4 Rb8
9. O-O cxd4 10. Nxd4 dxe5 11. Nc6 Qb6+ 12. Kh1 f5 13. Bd5 Ngf6 14. Nxb8 Qxb8
15. fxe5 Nxd5 16. Nxd5 Nxe5 17. Bf4 e6 18. Re1 Kf7 19. Nb4 Bb7 20. Nd3 Be4 21.
Nc5 Bd5 22. Bxe5 Bxe5 23. Nd7 Qb7 24. Nxe5+ Kf6 25. Qd4 Bxg2+ 26. Kg1 Bh3 27.
Nf3+ 1-0